LIBRARY & INFORMATION CENTRE, KCAET, TAVANUR

ONLINE PUBLIC ACCESS CATALOGUE (OPAC)

Christopher Marlowe: A biographical and critical study / (Record no. 6155)

MARC details
000 -LEADER
fixed length control field 00408cam a2200145ua 4500
041 ## - LANGUAGE CODE
Language code of text/sound track or separate title eng
082 ## - DEWEY DECIMAL CLASSIFICATION NUMBER
Classification number 928.2
Item number BOA/CH
100 ## - MAIN ENTRY--AUTHOR NAME
Personal name Boas, Frederick S .
245 ## - TITLE STATEMENT
Title Christopher Marlowe: A biographical and critical study /
260 ## - PUBLICATION, DISTRIBUTION, ETC. (IMPRINT)
Place of publication London :
Name of publisher Oxford at the Clarendon Press ,
Year of publication 1967.
300 ## - PHYSICAL DESCRIPTION
Number of Pages 335 ; .
942 ## - ADDED ENTRY ELEMENTS (KOHA)
Koha item type Books
Holdings
Withdrawn status Lost status Damaged status Home library Current library Date acquired Cost, normal purchase price Full call number Accession Number Koha item type Public note
Withdrawn     KAUAET Malayalam University 07/04/2012 40.00 928.2 6668 Books Transferred to Malayalam University
free website counter